000 00287nam a22001337a 4500
008 170712b xxu||||| |||| 00| 0 eng d
020 _a0517268044
041 _aeng
080 _a038
100 _a23
101 _aFJA
245 _aDICTIONARY QUOTATIONS
_cEVANS.B
942 _2udc
_cBK
999 _c20318
_d20318